| 000 | 00933cam a22002055a 4500 | ||
|---|---|---|---|
| 001 | L149959 | ||
| 008 | 100519e2010 xxk 000 0 eng d | ||
| 035 | _a(Sirsi) u149959 | ||
| 041 | 0 | _aeng | |
| 100 | 1 | _aShepherd, Mark | |
| 245 | 0 | 0 |
_aMarkets _bBirmingham |
| 260 | _c2010 | ||
| 490 | 0 |
_aProperty Week _v76(17) 30 April 2010, 43-52(5) |
|
| 520 | _aNew masterplan needed for Birmingham's Eastside area after High Speed 2 rail line location decision. Discussions start on the future of the Grand Hotel, a Birmingham landmark site. Argent's Rob Graves describes how their Paradise Circus plans will transform Birmingham's city centre. Savill's latest research shows Birmingham's office market picking up. Birmingham hopes to be crowned UK's City of Culture in 2013. | ||
| 590 | _aKA | ||
| 651 | 4 | _aBirmingham | |
| 690 | _aPROPERTY-COMMERCIAL PROPERTY-COMMERCIAL PROPERTY MARKET | ||
| 700 | 1 | _aBrennan, Richard | |
| 942 | _n0 | ||
| 999 |
_c82350 _d82350 |
||